000 01254cam a2200349 4500
999 _c24205
_d24205
001 vtls012020628
005 20260507110457.0
008 210401s2021 xo oa grf 000 0 slo
020 _a9788055171883
_q(brožované)
040 _aTVZK
_bslo
_cTVZK
_dSNK
_erda
041 1 _aslo
_hfre
044 _axo
_cSK
072 7 _a645
_xNábytok
_2konspekt
072 7 _a67/68
_xRemeslá. Rôzne odvetvia priemyslu
_2konspekt
080 _a689-051
_22011
080 _a(035)
_22011
240 1 0 _aComment planter un clou
_lSlovensky
245 0 0 _aAko zatĺcť klinec
_bprebuďte v sebe domáceho majstra!
_cz francúzskeho originálu Comment planter un clou ... preložila Andrea Černáková
250 _aPrvé vydanie
264 1 _aBratislava
_bIKAR a.s - Príroda
_c2021
300 _a111 strán
_bfarebné fotografie, ilustrácie
_c20 cm
336 _atext
_btxt
_2rdacontent
336 _astatický obraz
_bsti
_2rdacontent
337 _abez média
_bn
_2rdamedia
338 _azväzok
_bnc
_2rdacarrier
650 0 7 _adomáci majstri
_2SNKPH
_94764
650 0 7 _aHandymen
_2SNKPHeng
_94767
655 7 _apríručky
_2SNKPH
_91541
655 7 _aHandbooks, manuals, etc.
_2SNKPHeng
_91630
700 1 _aČernáková, Andrea,
_d1975-
_4trl
_95552
958 _aUP